| 000 | 00670pam a2200217 a 4500 | ||
|---|---|---|---|
| 001 | 2125548 | ||
| 005 | 20260312180036.0 | ||
| 008 | 970709s1998 mauab b 001 0 eng | ||
| 020 |
_a0256246513 _qacid-free paper |
||
| 020 |
_a9780256246513 _q(acid-free paper) |
||
| 050 | 0 | 0 |
_aHB171.5 _b.W23 1998 |
| 082 | 0 | 0 |
_a330 _221 |
| 100 | 1 | _aWalton, Gary M. | |
| 245 | 1 | 0 |
_aUnderstanding economics today / _cGary M. Walton, Frank C. Wykoff. |
| 250 | _a6th ed. | ||
| 260 |
_aBoston, Mass. : _bIrwin/McGraw-Hill, _cc1998. |
||
| 300 |
_axvi, 496 p. : _bcol. ill., col. map ; _c24 cm. |
||
| 650 | 0 | _aEconomics. | |
| 700 | 1 |
_aWykoff, Frank C., _d1942- |
|
| 942 |
_2lcc _cBK _e6th ed. _n0 |
||
| 999 |
_c8989 _d8989 |
||